[Event "GER GM08-A email"]
[Site "GER email"]
[Date "2019.06.19"]
[Round "?"]
[White "Murray, Tim"]
[Black "Sikorsky, Horst"]
[Result "1/2-1/2"]
[WhiteElo "2564"]
[BlackElo "2530"]
[PlyCount "71"]
[EventDate "2019.??.??"]
[EventType "tourn (corr)"]
[EventRounds "13"]
[EventCountry "GER"]
[SourceTitle "Corr 2022"]
[Source "ChessBase"]
[SourceDate "2021.10.24"]
[SourceVersion "1"]
[SourceVersionDate "2021.10.24"]
[SourceQuality "1"]

1. d4 Nf6 2. c4 g6 3. f3 e6 4. e4 c5 5. d5 d6 6. Nc3 Bg7 7. Bg5 a6 8. a4 exd5 9. cxd5 0-0 10. Qd2 h6 11. Be3 Re8 12. h4 h5 13. Be2 Qc7 14. Kf1 Nbd7 15. g3 Ne5 16. Kg2 Nfd7 17. Nh3 Nb6 18. Qc2 Rb8 19. Nd1 Bxh3+ 20. Kxh3 Nbd7 21. a5 c4 22. Rf1 Rbc8 23. Ra4 Qd8 24. Bg5 Qc7 25. Be3 Qd8 26. Kg2 Nc5 27. Ra3 Nb3 28. Bb6 Qe7 29. Ne3 Nd7 30. Nxc4 Nxb6 31. Qxb3 Nxc4 32. Bxc4 f5 33. exf5 gxf5 34. Ra4 f4 35. Bd3 Bh6 36. Re4 1/2-1/2

[Event "GER GM07-A email"]
[Site "GER email"]
[Date "2018.06.19"]
[Round "?"]
[White "Tauber, Hans"]
[Black "Sikorsky, Horst"]
[Result "1-0"]
[WhiteElo "2527"]
[BlackElo "2536"]
[PlyCount "91"]
[EventDate "2018.??.??"]
[EventType "tourn (corr)"]
[EventRounds "13"]
[EventCountry "GER"]
[SourceTitle "Corr 2020"]
[Source "ChessBase"]
[SourceDate "2019.09.30"]
[SourceVersion "1"]
[SourceVersionDate "2019.09.30"]
[SourceQuality "1"]

1. c4 e5 2. Nc3 Nf6 3. Nf3 Nc6 4. e4 Bb4 5. d3 d6 6. a3 Bxc3+ 7. bxc3 Na5 8. g3 0-0 9. Bg2 Be6 10. 0-0 Rb8 11. a4 h6 12. Nh4 Re8 13. h3 Nh7 14. Nf5 Bxf5 15. exf5 Nf6 16. g4 d5 17. cxd5 Nxd5 18. Bd2 b6 19. Qf3 c6 20. Rab1 Qd6 21. h4 Rbd8 22. Rfd1 Qa3 23. g5 Nxc3 24. Bxc3 Qxc3 25. Qh5 Rd6 26. Rbc1 Qb2 27. Be4 Red8 28. f6 Nb3 29. Rb1 Qa2 30. fxg7 Nc5 31. Bf5 e4 32. dxe4 Nd3 33. Rf1 Nf4 34. Qg4 hxg5 35. Rbe1 Qd2 36. Re3 Qd4 37. e5 Rh6 38. Qxg5 Rxh4 39. Rfe1 Re8 40. Qxh4 Ne2+ 41. R1xe2 Qxh4 42. Rg3 Qxa4 43. Kg2 Qd1 44. Bd3 b5 45. e6 fxe6 46. Rxe6 1-0

[Event "Mittelfranken-chTB1 1718"]
[Site "Mittelfranken"]
[Date "2018.01.28"]
[Round "4.5"]
[White "Hadasch, Frank"]
[Black "Sikorsky, Horst"]
[Result "0-1"]
[WhiteElo "1655"]
[BlackElo "1876"]
[PlyCount "80"]
[EventDate "2017.10.08"]
[EventType "team-tourn"]
[EventRounds "9"]
[EventCountry "GER"]
[SourceTitle "EXT 2022"]
[Source "ChessBase"]
[SourceDate "2021.10.06"]
[SourceVersion "1"]
[SourceVersionDate "2021.10.06"]
[SourceQuality "1"]
[WhiteTeam "Nuernberg Noris Tarrasch III"]
[BlackTeam "Gunzenhausen"]
[WhiteTeamCountry "GER"]
[BlackTeamCountry "GER"]

1. Nf3 f5 2. g3 Nf6 3. Bg2 d6 4. d4 g6 5. 0-0 Bg7 6. b3 0-0 7. Bb2 c6 8. c4 h6 9. Nbd2 Na6 10. Ne1 Qe8 11. Nd3 g5 12. e4 Qg6 13. e5 dxe5 14. Nxe5 Qh5 15. Qxh5 Nxh5 16. Ng6 Re8 17. Rfe1 Kf7 18. Ne5+ Bxe5 19. Rxe5 Bd7 20. a3 Rad8 21. Rae1 Nc7 22. b4 Ng7 23. d5 cxd5 24. cxd5 Nb5 25. Nb3 b6 26. Bf1 Nd6 27. Nd4 Rc8 28. Nc6 Bxc6 29. dxc6 Rxc6 30. Bg2 Rc2 31. Ba1 e6 32. Rd1 Rec8 33. Ree1 Nge8 34. Be5 Ke7 35. Re3 Nc4 36. Ree1 Nxe5 37. Rxe5 Rc1 38. Ree1 Rxd1 39. Rxd1 Rc3 40. Ra1 Nd6 0-1